[Event "Oeffingen op 4th"]
[Site "Oeffingen"]
[Date "2013.05.17"]
[Round "1"]
[White "Cuenca Jimenez, Jose Fernando"]
[Black "Engelhardt, Frank"]
[Result "1-0"]
[WhiteElo "2483"]
[BlackElo "1755"]
[PlyCount "79"]
[EventDate "2013.05.17"]
[EventType "swiss"]
[EventRounds "7"]
[EventCountry "GER"]
[SourceTitle "CBM 154 Extra"]
[Source "ChessBase"]
[SourceDate "2013.06.25"]
[SourceVersion "2"]
[SourceVersionDate "2013.06.25"]
[SourceQuality "1"]

1. e4 e5 2. Nf3 Nf6 3. Nxe5 d6 4. Nf3 Nxe4 5. c4 Be7 6. Nc3 Nxc3 7. dxc3 Nc6 8.
Bf4 Bg4 9. Be2 O-O 10. Qd2 Qd7 11. O-O-O Rad8 12. h3 Bf5 13. g4 Be6 14. Ng5 Bf6
15. Qc2 Bxg5 16. Bxg5 f6 17. Be3 Qf7 18. b3 a5 19. Bd3 g6 20. Bh6 Rfe8 21. f4
Bd7 22. Be4 Re7 23. Rhe1 Rde8 24. Bd5 Be6 25. Rxe6 Rxe6 26. f5 Nd8 27. Bxe6
Nxe6 28. fxe6 Rxe6 29. Bd2 Qe7 30. Qd3 Re5 31. Rf1 Kg7 32. h4 c6 33. g5 f5 34.
h5 Kf8 35. hxg6 hxg6 36. Bf4 Re6 37. Rd1 d5 38. cxd5 Qa3+ 39. Kb1 Re4 40. dxc6
1-0

[Event "Oeffingen op 4th"]
[Site "Oeffingen"]
[Date "2013.05.18"]
[Round "2"]
[White "Suess, Stefan"]
[Black "Cuenca Jimenez, Jose Fernando"]
[Result "0-1"]
[WhiteElo "1849"]
[BlackElo "2483"]
[PlyCount "72"]
[EventDate "2013.05.17"]
[EventType "swiss"]
[EventRounds "7"]
[EventCountry "GER"]
[SourceTitle "CBM 154 Extra"]
[Source "ChessBase"]
[SourceDate "2013.06.25"]
[SourceVersion "2"]
[SourceVersionDate "2013.06.25"]
[SourceQuality "1"]

1. e4 e5 2. Nf3 Nc6 3. Bb5 Nd4 4. Nxd4 exd4 5. O-O c6 6. Be2 d6 7. c3 Nf6 8. d3
dxc3 9. bxc3 Be7 10. Nd2 O-O 11. f4 Qa5 12. Nb3 Qb6+ 13. Kh1 a5 14. Bf3 a4 15.
Nd4 Re8 16. Be3 Qa5 17. Qc1 Bf8 18. h3 c5 19. Ne2 c4 20. e5 Nd5 21. d4 Bf5 22.
Bd2 Bd3 23. Rf2 f6 24. exf6 Nxf6 25. Ng3 d5 26. a3 Bd6 27. Qb2 Qc7 28. Bd1 Ra6
29. Qc1 Qd7 30. Bc2 Bxc2 31. Qxc2 Rb6 32. Bc1 Rb3 33. Rf3 Re1+ 34. Kh2 g6 35.
Qf2 Qe7 36. f5 Ng4+ 0-1

[Event "Oeffingen op 4th"]
[Site "Oeffingen"]
[Date "2013.05.18"]
[Round "3"]
[White "Cuenca Jimenez, Jose Fernando"]
[Black "Spieker, Michael"]
[Result "1-0"]
[WhiteElo "2483"]
[BlackElo "1985"]
[PlyCount "75"]
[EventDate "2013.05.17"]
[EventType "swiss"]
[EventRounds "7"]
[EventCountry "GER"]
[SourceTitle "CBM 154 Extra"]
[Source "ChessBase"]
[SourceDate "2013.06.25"]
[SourceVersion "2"]
[SourceVersionDate "2013.06.25"]
[SourceQuality "1"]

1. e4 c5 2. Nf3 Nc6 3. d4 cxd4 4. Nxd4 Nf6 5. Nc3 e5 6. Ndb5 d6 7. Bg5 a6 8.
Na3 b5 9. Bxf6 gxf6 10. Nd5 Bg7 11. g3 Ne7 12. Nxe7 Qxe7 13. Bg2 Bb7 14. O-O f5
15. exf5 Bxg2 16. Kxg2 Qb7+ 17. Kg1 d5 18. Qg4 Bf6 19. c3 h5 20. Qf3 h4 21. Nc2
hxg3 22. fxg3 Rd8 23. Rad1 Rd7 24. Ne3 Qa7 25. Kg2 e4 26. Qf4 Qc5 27. Ng4 Ke7
28. Rfe1 Rhd8 29. Nxf6 Kxf6 30. Qh6+ Ke5 31. Qg7+ Kd6 32. Rxe4 Kc7 33. Qd4 Qxd4
34. Rexd4 Re7 35. R1d2 Kc6 36. g4 Re3 37. R4d3 Re4 38. h3 1-0

[Event "Oeffingen op 4th"]
[Site "Oeffingen"]
[Date "2013.05.19"]
[Round "4"]
[White "Holzhaeuer, Mathias"]
[Black "Cuenca Jimenez, Jose Fernando"]
[Result "0-1"]
[WhiteElo "2204"]
[BlackElo "2483"]
[PlyCount "110"]
[EventDate "2013.05.17"]
[EventType "swiss"]
[EventRounds "7"]
[EventCountry "GER"]
[SourceTitle "CBM 154 Extra"]
[Source "ChessBase"]
[SourceDate "2013.06.25"]
[SourceVersion "2"]
[SourceVersionDate "2013.06.25"]
[SourceQuality "1"]

1. e4 c5 2. Nc3 Nc6 3. Bb5 g6 4. Bxc6 dxc6 5. d3 Bg7 6. f4 c4 7. Nf3 cxd3 8.
cxd3 Nf6 9. O-O O-O 10. d4 Qb6 11. Kh1 Rd8 12. Qe2 Bg4 13. Be3 Bxf3 14. gxf3
Nh5 15. e5 Bh6 16. d5 Qc7 17. Qc4 Qd7 18. Rad1 Qh3 19. Kg1 Rac8 20. Qe4 Ng7 21.
dxc6 bxc6 22. Bxa7 Nf5 23. Bf2 e6 24. a4 Nh4 25. Bxh4 Qxh4 26. Rxd8+ Rxd8 27.
Ne2 Rd2 28. b4 Qh3 29. Re1 Qh4 30. Rc1 Bf8 31. Rb1 Bxb4 32. Qe3 Qe7 33. Kg2 Ra2
34. Kg3 c5 35. Nc1 Rxa4 36. Nd3 Ra3 37. Qe4 Ra4 38. Qc6 Ra7 39. Qc8+ Qf8 40.
Qxf8+ Kxf8 41. Rc1 Ba3 42. Rc3 Ra5 43. Rc2 Rb5 44. Nf2 Bb4 45. Ne4 Ra5 46. Nd6
Ke7 47. Rc1 f5 48. Nb7 Ra8 49. Nd6 Rb8 50. Ra1 Kd7 51. Ra7+ Kc6 52. Kh4 h6 53.
Ra1 Bd2 54. Nc4 Bxf4 55. Rd1 Rb4 0-1

[Event "Oeffingen op 4th"]
[Site "Oeffingen"]
[Date "2013.05.19"]
[Round "5"]
[White "Cuenca Jimenez, Jose Fernando"]
[Black "Schnepp, Gunnar"]
[Result "1-0"]
[WhiteElo "2483"]
[BlackElo "2245"]
[PlyCount "65"]
[EventDate "2013.05.17"]
[EventType "swiss"]
[EventRounds "7"]
[EventCountry "GER"]
[SourceTitle "CBM 154 Extra"]
[Source "ChessBase"]
[SourceDate "2013.06.25"]
[SourceVersion "2"]
[SourceVersionDate "2013.06.25"]
[SourceQuality "1"]

1. e4 c6 2. c4 Na6 3. Nf3 d6 4. d4 g6 5. Nc3 Bg7 6. Be2 Nf6 7. O-O O-O 8. Be3
Bg4 9. Rb1 e5 10. d5 c5 11. a3 Nh5 12. h3 Bd7 13. Qc1 Nc7 14. g4 Nf4 15. Bxf4
exf4 16. Qxf4 Qe7 17. Bd3 a6 18. Rfe1 Rfe8 19. Re2 b5 20. Rbe1 Be5 21. Nxe5
dxe5 22. Qe3 Reb8 23. Rd2 Qd6 24. b4 cxb4 25. c5 Qf6 26. axb4 a5 27. Na2 axb4
28. Nxb4 Ra3 29. Ra2 Rxa2 30. Nxa2 b4 31. Rb1 b3 32. Nc3 Rb4 33. d6 1-0

[Event "Oeffingen op 4th"]
[Site "Oeffingen"]
[Date "2013.05.20"]
[Round "6"]
[White "Meschke, Andreas"]
[Black "Cuenca Jimenez, Jose Fernando"]
[Result "0-1"]
[WhiteElo "2058"]
[BlackElo "2483"]
[PlyCount "86"]
[EventDate "2013.05.17"]
[EventType "swiss"]
[EventRounds "7"]
[EventCountry "GER"]
[SourceTitle "CBM 154 Extra"]
[Source "ChessBase"]
[SourceDate "2013.06.25"]
[SourceVersion "2"]
[SourceVersionDate "2013.06.25"]
[SourceQuality "1"]

1. e4 c5 2. Nf3 Nc6 3. Bb5 g6 4. O-O Bg7 5. Re1 e5 6. Bxc6 dxc6 7. d3 Qe7 8. a4
Nf6 9. Na3 O-O 10. a5 b5 11. axb6 axb6 12. Bg5 b5 13. c4 Bd7 14. cxb5 cxb5 15.
Nc2 Qd6 16. Ne3 Be6 17. Qc2 Nd7 18. g4 f6 19. Bh4 Ra6 20. Rxa6 Qxa6 21. Nd2 Ra8
22. f3 Qd6 23. Bf2 Bf8 24. Nb1 Nb6 25. b3 Qd7 26. Rd1 Qf7 27. Nd2 Ra3 28. Rb1
Qa7 29. Nd1 Ra2 30. Rb2 Ra1 31. Kg2 Nd7 32. Nc3 Qa6 33. Be3 Qa5 34. Ra2 Rxa2
35. Nxa2 Nb8 36. Qb2 Nc6 37. Kf2 Nd4 38. Nc1 Bd6 39. Nf1 f5 40. Bd2 Qd8 41. h3
fxg4 42. hxg4 Qf6 43. Nh2 Nxf3 0-1

[Event "Oeffingen op 4th"]
[Site "Oeffingen"]
[Date "2013.05.20"]
[Round "7"]
[White "Cuenca Jimenez, Jose Fernando"]
[Black "Gabriel, Josef"]
[Result "1-0"]
[WhiteElo "2483"]
[BlackElo "2060"]
[PlyCount "72"]
[EventDate "2013.05.17"]
[EventType "swiss"]
[EventRounds "7"]
[EventCountry "GER"]
[SourceTitle "CBM 154 Extra"]
[Source "ChessBase"]
[SourceDate "2013.06.25"]
[SourceVersion "2"]
[SourceVersionDate "2013.06.25"]
[SourceQuality "1"]

1. e4 c5 2. Nf3 Nc6 3. d4 cxd4 4. Nxd4 Nf6 5. Nc3 e5 6. Ndb5 d6 7. Bg5 a6 8.
Na3 b5 9. Bxf6 gxf6 10. Nd5 Bg7 11. g3 Ne7 12. Nxe7 Kxe7 13. Bg2 Be6 14. c3 Qb6
15. Nc2 Rad8 16. O-O h5 17. h4 f5 18. exf5 Bxf5 19. Ne3 Be6 20. Nd5+ Bxd5 21.
Qxd5 Rd7 22. Rad1 Rc7 23. Rd3 Rh6 24. Rf3 Kf8 25. Qa8+ Ke7 26. Rf5 Bf6 27. Qf3
b4 28. Rxh5 Rg6 29. cxb4 Qxb4 30. Rf5 Qxb2 31. h5 Rh6 32. g4 Rc3 33. Qa8 Rh8
34. Qa7+ Ke6 35. Rd1 Rd3 36. Rxd3 Qb1+ 1-0

[Event "Andorra op 31st"]
[Site "La Massana"]
[Date "2013.07.20"]
[Round "1"]
[White "Cuenca Jimenez, Jose Fernando"]
[Black "Malassagne, Isabelle"]
[Result "1-0"]
[WhiteElo "2477"]
[BlackElo "1995"]
[PlyCount "65"]
[EventDate "2013.07.20"]
[EventType "swiss"]
[EventRounds "9"]
[EventCountry "AND"]
[SourceTitle "CBM 155 Extra"]
[Source "ChessBase"]
[SourceDate "2013.08.26"]
[SourceVersion "1"]
[SourceVersionDate "2013.08.26"]
[SourceQuality "1"]

1. e4 e5 2. Nf3 Nc6 3. Bb5 a6 4. Bxc6 dxc6 5. O-O Ne7 6. Nxe5 Qd4 7. Qh5 g6 8.
Qg5 Bg7 9. Nd3 f5 10. e5 c5 11. b3 b6 12. Bb2 Qg4 13. Qe3 Nd5 14. Qe1 Bb7 15.
f3 Qg5 16. a4 O-O 17. Na3 Rad8 18. f4 Qe7 19. Nc4 Qe6 20. Qg3 a5 21. Ne1 Nb4
22. d3 Rd7 23. Rf2 Rfd8 24. Nf3 h6 25. Raf1 Ba6 26. h4 Kh7 27. h5 gxh5 28. Qh3
Nd5 29. Qxh5 Kg8 30. Nh4 Ne7 31. Ne3 Rf8 32. g4 Bb7 33. gxf5 1-0

[Event "Andorra op 31st"]
[Site "La Massana"]
[Date "2013.07.21"]
[Round "2"]
[White "Silva Rodriguez, Fernando"]
[Black "Cuenca Jimenez, Jose Fernando"]
[Result "0-1"]
[WhiteElo "2174"]
[BlackElo "2477"]
[PlyCount "78"]
[EventDate "2013.07.20"]
[EventType "swiss"]
[EventRounds "9"]
[EventCountry "AND"]
[SourceTitle "CBM 155 Extra"]
[Source "ChessBase"]
[SourceDate "2013.08.26"]
[SourceVersion "1"]
[SourceVersionDate "2013.08.26"]
[SourceQuality "1"]

1. d4 Nf6 2. c4 c5 3. d5 b5 4. Nf3 g6 5. cxb5 a6 6. b6 d6 7. Nc3 Nbd7 8. a4
Qxb6 9. e4 Bg7 10. Nd2 Qb4 11. a5 O-O 12. Be2 Ne5 13. h3 g5 14. Ra4 Qb7 15. Nc4
Nxc4 16. Bxc4 Bd7 17. Ra3 Qb4 18. Qe2 g4 19. hxg4 Nxg4 20. Kf1 f5 21. Rb3 Qxa5
22. Rb7 Qd8 23. Bg5 h6 24. Bf4 Rb8 25. Rxb8 Qxb8 26. Nd1 Bb5 27. Kg1 Bxc4 28.
Qxc4 Qb5 29. Qc2 Qb4 30. Qe2 Qxe4 31. Qd2 Rb8 32. Rh3 Rb4 33. f3 Qxf4 34. Qxf4
Rxf4 35. fxg4 fxg4 36. Ra3 Bd4+ 37. Kh2 Rf1 38. Rd3 Be5+ 39. g3 Rf3 0-1

[Event "Andorra op 31st"]
[Site "La Massana"]
[Date "2013.07.22"]
[Round "3"]
[White "Cuenca Jimenez, Jose Fernando"]
[Black "Berthelot, Yannick"]
[Result "1-0"]
[WhiteElo "2477"]
[BlackElo "2314"]
[PlyCount "113"]
[EventDate "2013.07.20"]
[EventType "swiss"]
[EventRounds "9"]
[EventCountry "AND"]
[SourceTitle "CBM 155 Extra"]
[Source "ChessBase"]
[SourceDate "2013.08.26"]
[SourceVersion "1"]
[SourceVersionDate "2013.08.26"]
[SourceQuality "1"]

1. c4 e5 2. g3 Nf6 3. Bg2 d5 4. cxd5 Nxd5 5. Nc3 Nb6 6. d3 Be7 7. Nf3 Nc6 8.
O-O O-O 9. Be3 f5 10. a4 a5 11. Bxb6 cxb6 12. e3 Be6 13. d4 Bc4 14. Re1 e4 15.
Nd2 Bd3 16. Qb3+ Kh8 17. Nc4 Bxc4 18. Qxc4 Nb4 19. Qb3 Rc8 20. Bf1 Qd6 21. Rac1
h5 22. Nb5 Qf6 23. Rc3 Nc6 24. Rec1 Bb4 25. R3c2 Rcd8 26. Nc7 Rd6 27. Nd5 Qh6
28. Nxb4 Nxb4 29. Rc8 Qf6 30. Qd1 g6 31. R8c7 Rf7 32. Qb3 Kg7 33. Rxf7+ Qxf7
34. Qxf7+ Kxf7 35. Rc7+ Kf6 36. Bc4 Rc6 37. Rf7+ Kg5 38. h4+ Kh6 39. b3 Nd3 40.
Rxb7 Nb2 41. d5 Rc8 42. d6 Nxc4 43. d7 Rd8 44. bxc4 Kg7 45. Kf1 Kf7 46. Ke2 Ke7
47. Rxb6 Rxd7 48. Rxg6 Rd3 49. Ra6 Ra3 50. Rxa5 Ra2+ 51. Kf1 Kf6 52. Ra6+ Ke5
53. a5 f4 54. gxf4+ Kf5 55. Ra8 Kg4 56. Kg2 Kxh4 57. a6 1-0

[Event "Andorra op 31st"]
[Site "La Massana"]
[Date "2013.07.23"]
[Round "4"]
[White "Vovk, Andrey"]
[Black "Cuenca Jimenez, Jose Fernando"]
[Result "1-0"]
[WhiteElo "2567"]
[BlackElo "2477"]
[PlyCount "89"]
[EventDate "2013.07.20"]
[EventType "swiss"]
[EventRounds "9"]
[EventCountry "AND"]
[SourceTitle "CBM 155 Extra"]
[Source "ChessBase"]
[SourceDate "2013.08.26"]
[SourceVersion "1"]
[SourceVersionDate "2013.08.26"]
[SourceQuality "1"]

1. d4 Nf6 2. c4 c5 3. d5 b5 4. cxb5 a6 5. bxa6 g6 6. Nc3 Bxa6 7. Nf3 d6 8. e4
Bxf1 9. Kxf1 Bg7 10. g3 O-O 11. Kg2 Nbd7 12. a4 Qb8 13. Qc2 Qb7 14. Ra3 Ra6 15.
Re1 e6 16. Rb3 Qa8 17. dxe6 fxe6 18. Nb5 Rb6 19. Rd3 d5 20. exd5 Nxd5 21. Ra3
Ne5 22. Qe4 Nxf3 23. Rxf3 Rxf3 24. Kxf3 c4 25. Be3 Ra6 26. Bd4 Nb4 27. Bxg7
Kxg7 28. Nc7 Qxe4+ 29. Rxe4 Rc6 30. Nxe6+ Kf6 31. Nd4 Ra6 32. b3 Nd3 33. bxc4
Rxa4 34. Nc6 Ra6 35. Ke3 Nxf2 36. Rf4+ Kg7 37. Rxf2 Rxc6 38. Kd4 Rd6+ 39. Ke5
Rd1 40. c5 Rc1 41. Kd6 Kh6 42. c6 Kg5 43. Rf4 Rc2 44. c7 h6 45. Rd4 1-0

[Event "Andorra op 31st"]
[Site "La Massana"]
[Date "2013.07.24"]
[Round "5"]
[White "Cuenca Jimenez, Jose Fernando"]
[Black "Berry, Neil"]
[Result "1-0"]
[WhiteElo "2477"]
[BlackElo "2247"]
[PlyCount "95"]
[EventDate "2013.07.20"]
[EventType "swiss"]
[EventRounds "9"]
[EventCountry "AND"]
[SourceTitle "CBM 155 Extra"]
[Source "ChessBase"]
[SourceDate "2013.08.26"]
[SourceVersion "1"]
[SourceVersionDate "2013.08.26"]
[SourceQuality "1"]

1. e4 e6 2. d4 d5 3. Bd3 dxe4 4. Bxe4 Nf6 5. Bf3 c5 6. Ne2 Nc6 7. Be3 cxd4 8.
Nxd4 Ne5 9. O-O Be7 10. Nc3 O-O 11. Qe2 Nxf3+ 12. Qxf3 Nd5 13. Nxd5 Qxd5 14.
Qxd5 exd5 15. c3 Be6 16. Rad1 Rfd8 17. h3 Bf6 18. Nf3 h6 19. Bd4 Be7 20. Rfe1
Bd6 21. Re2 b5 22. a3 a5 23. b4 axb4 24. axb4 Ra3 25. Nh2 Bxh2+ 26. Kxh2 Rda8
27. Rd3 Ra2 28. Re1 Rc2 29. Rg3 g6 30. Rxg6+ fxg6 31. Rxe6 Kf7 32. Rd6 Re2 33.
Rf6+ Ke7 34. Rxg6 Re6 35. Rg7+ Kd6 36. Rb7 Rg8 37. Rb6+ Ke7 38. Rxb5 Reg6 39.
g3 Ke6 40. Rb7 Kd6 41. b5 Re6 42. b6 Rc8 43. Rg7 Kc6 44. Kg2 Rb8 45. Rc7+ Kd6
46. h4 Rg6 47. Be3 Ke6 48. b7 1-0

[Event "Andorra op 31st"]
[Site "La Massana"]
[Date "2013.07.25"]
[Round "6"]
[White "Felgaer, Ruben Alejandro"]
[Black "Cuenca Jimenez, Jose Fernando"]
[Result "1/2-1/2"]
[WhiteElo "2586"]
[BlackElo "2477"]
[PlyCount "159"]
[EventDate "2013.07.20"]
[EventType "swiss"]
[EventRounds "9"]
[EventCountry "AND"]
[SourceTitle "CBM 155 Extra"]
[Source "ChessBase"]
[SourceDate "2013.08.26"]
[SourceVersion "1"]
[SourceVersionDate "2013.08.26"]
[SourceQuality "1"]

1. e4 c5 2. Nf3 g6 3. d4 cxd4 4. Nxd4 Nc6 5. c4 Nf6 6. Nc3 Nxd4 7. Qxd4 d6 8.
Be3 Bg7 9. f3 O-O 10. Qd2 a5 11. b3 a4 12. b4 Be6 13. Rc1 Nd7 14. Be2 Nb6 15.
Nd5 Nxd5 16. exd5 Bd7 17. a3 e6 18. dxe6 Bxe6 19. O-O d5 20. c5 d4 21. Bf2 Qd7
22. Bd3 Rfe8 23. b5 Rac8 24. Qb4 Bf5 25. c6 bxc6 26. bxc6 Qe7 27. Bxf5 gxf5 28.
Qxa4 Qd6 29. Rfd1 d3 30. Qb5 d2 31. Rc2 Bd4 32. Rcxd2 Bxf2+ 33. Kxf2 Qxh2 34.
Rd4 Re5 35. Rd8+ Kg7 36. Qb4 Rxc6 37. Qf8+ Kg6 38. Qg8+ Kh6 39. R8d6+ Re6 40.
Rxe6+ Rxe6 41. Qf8+ Kg6 42. Qd8 Qe5 43. Qg8+ Qg7 44. Qxg7+ Kxg7 45. a4 Kf6 46.
a5 Ra6 47. Ra1 f4 48. Ke2 Ke5 49. Ra4 h5 50. Kf1 Kf6 51. Kg1 Kg5 52. Kh2 Kf5
53. Kh3 Kg5 54. Ra2 Kf5 55. Kh4 Kg6 56. Ra4 f5 57. Kh3 Kg5 58. Kh2 Kf6 59. Kg1
Kg6 60. Kf2 Kf6 61. Ke2 Kg5 62. Kd3 Rd6+ 63. Kc3 Rc6+ 64. Kb3 Ra6 65. Kb4 Kh4
66. Kb5 Rf6 67. a6 Kg3 68. a7 Rf8 69. a8=Q Rxa8 70. Rxa8 Kxg2 71. Kc4 h4 72.
Kd4 Kxf3 73. Ke5 h3 74. Ra3+ Kg2 75. Kxf4 h2 76. Ra2+ Kh3 77. Ra3+ Kg2 78. Rg3+
Kf2 79. Rh3 Kg2 80. Rxh2+ 1/2-1/2

[Event "Andorra op 31st"]
[Site "La Massana"]
[Date "2013.07.26"]
[Round "7"]
[White "Peralta, Fernando"]
[Black "Cuenca Jimenez, Jose Fernando"]
[Result "1/2-1/2"]
[WhiteElo "2622"]
[BlackElo "2477"]
[PlyCount "94"]
[EventDate "2013.07.20"]
[EventType "swiss"]
[EventRounds "9"]
[EventCountry "AND"]
[SourceTitle "CBM 155 Extra"]
[Source "ChessBase"]
[SourceDate "2013.08.26"]
[SourceVersion "1"]
[SourceVersionDate "2013.08.26"]
[SourceQuality "1"]

1. Nf3 d5 2. d4 Nf6 3. c4 c6 4. e3 e6 5. b3 Nbd7 6. Bb2 Bd6 7. Bd3 O-O 8. O-O
Ne4 9. Qc2 f5 10. Ba3 Bxa3 11. Nxa3 g5 12. Ne5 Qc7 13. Qb2 g4 14. Bxe4 fxe4 15.
Nxg4 h5 16. Ne5 Nxe5 17. dxe5 Qg7 18. Kh1 Bd7 19. f3 exf3 20. Rxf3 Rxf3 21.
gxf3 Be8 22. Rg1 Bg6 23. Rg5 Kh7 24. Nc2 Qe7 25. h4 Qf7 26. Ne1 Rd8 27. cxd5
Rxd5 28. Qe2 Qd7 29. e4 Rd2 30. Qe3 Rxa2 31. Rg2 Rxg2 32. Nxg2 c5 33. Kh2 b6
34. Qg5 Qf7 35. Nf4 a5 36. Kg3 b5 37. Qd8 a4 38. bxa4 bxa4 39. Qc8 Qg7 40. Qxc5
Bxe4+ 41. Kf2 Qf7 42. Ke3 Bf5 43. Qa5 Qd7 44. Nxh5 Qd3+ 45. Kf4 Qd4+ 46. Kg3
Qg1+ 47. Kf4 Qd4+ 1/2-1/2

[Event "Andorra op 31st"]
[Site "La Massana"]
[Date "2013.07.27"]
[Round "8"]
[White "Cuenca Jimenez, Jose Fernando"]
[Black "Laclau, Daniel"]
[Result "1-0"]
[WhiteElo "2477"]
[BlackElo "2294"]
[PlyCount "73"]
[EventDate "2013.07.20"]
[EventType "swiss"]
[EventRounds "9"]
[EventCountry "AND"]
[SourceTitle "CBM 155 Extra"]
[Source "ChessBase"]
[SourceDate "2013.08.26"]
[SourceVersion "1"]
[SourceVersionDate "2013.08.26"]
[SourceQuality "1"]

1. e4 d5 2. exd5 Qxd5 3. Nc3 Qa5 4. Bc4 Nf6 5. d3 c6 6. Bd2 Qc7 7. Qe2 e6 8.
Nf3 Be7 9. O-O O-O 10. d4 b5 11. Bd3 Bb7 12. Ne4 Nbd7 13. a3 a6 14. b4 Rad8 15.
Rfe1 h6 16. Ng3 Nb6 17. c3 Ra8 18. Ne5 a5 19. Nh5 Nbd5 20. Nxf6+ Nxf6 21. Rad1
axb4 22. axb4 Ra3 23. Bb1 Bd6 24. Qd3 Rd8 25. Qc2 Kf8 26. h3 Rda8 27. Ng4 Nxg4
28. hxg4 Bf4 29. Qh7 Bxd2 30. Rxd2 Rxc3 31. Qh8+ Ke7 32. Qxg7 Qf4 33. Rde2 Bc8
34. d5 Rc1 35. dxe6 Rxe1+ 36. Rxe1 Bxe6 37. Bf5 1-0

[Event "Andorra op 31st"]
[Site "La Massana"]
[Date "2013.07.28"]
[Round "9"]
[White "Gozzoli, Yannick"]
[Black "Cuenca Jimenez, Jose Fernando"]
[Result "1-0"]
[WhiteElo "2523"]
[BlackElo "2477"]
[PlyCount "61"]
[EventDate "2013.07.20"]
[EventType "swiss"]
[EventRounds "9"]
[EventCountry "AND"]
[SourceTitle "CBM 155 Extra"]
[Source "ChessBase"]
[SourceDate "2013.08.26"]
[SourceVersion "1"]
[SourceVersionDate "2013.08.26"]
[SourceQuality "1"]

1. d4 d5 2. Nf3 Nf6 3. c4 c6 4. Nc3 dxc4 5. a4 Bf5 6. Ne5 Nbd7 7. Nxc4 Qc7 8.
g3 e5 9. dxe5 Nxe5 10. Bf4 Nfd7 11. Bg2 g5 12. Ne3 gxf4 13. Nxf5 fxg3 14. hxg3
O-O-O 15. Qc2 Bb4 16. O-O h5 17. Rfc1 Bxc3 18. Qxc3 Ng6 19. a5 h4 20. Qb4 Nde5
21. a6 b6 22. f4 h3 23. Bh1 h2+ 24. Kf1 Qd7 25. Qe4 Rh5 26. Ne3 Qh3+ 27. Kf2
Rd6 28. fxe5 Nxe5 29. Qf4 Rd2 30. Be4 h1=Q 31. Rxh1 1-0

[Event "ESP-ch rapid"]
[Site "Linares"]
[Date "2013.08.26"]
[Round "3"]
[White "Cuenca Jimenez, Jose Fernando"]
[Black "Illescas Cordoba, Miguel"]
[Result "1/2-1/2"]
[WhiteElo "2477"]
[BlackElo "2608"]
[PlyCount "135"]
[EventDate "2013.08.26"]
[EventType "swiss (rapid)"]
[EventRounds "9"]
[EventCountry "ESP"]
[SourceTitle "CBM 156 Extra"]
[Source "ChessBase"]
[SourceDate "2013.10.22"]
[SourceVersion "1"]
[SourceVersionDate "2013.10.22"]
[SourceQuality "1"]

1. e4 c5 2. Nf3 e6 3. g3 Nc6 4. Bg2 Nf6 5. Qe2 d5 6. exd5 Nxd5 7. O-O Be7 8.
Rd1 Bf6 9. d3 O-O 10. Nbd2 Nd4 11. Nxd4 cxd4 12. Ne4 Be7 13. c4 dxc3 14. Nxc3
Bf6 15. d4 Re8 16. Ne4 Be7 17. Qh5 Bd7 18. Bd2 Bc6 19. Bg5 Qb6 20. Bxe7 Rxe7
21. Rd2 Rd8 22. Rad1 h6 23. Qe5 Ree8 24. Nc5 Nb4 25. Bxc6 Nxc6 26. Qe4 Rd5 27.
Na4 Qa5 28. Nc3 Rdd8 29. Qg2 Qa6 30. a3 Na5 31. d5 Nc4 32. Rc2 exd5 33. Nxd5
Kh8 34. Rdc1 Rc8 35. b3 Nd6 36. Nc7 Qxa3 37. Qd5 Red8 38. Kg2 Kg8 39. Nb5 Qa5
40. Rxc8 Nxc8 41. Qxb7 Nd6 42. Nxd6 Rxd6 43. Qe4 Rd8 44. b4 Qd5 45. Qxd5 Rxd5
46. Rc8+ Kh7 47. Rc7 Rb5 48. Rxf7 Rxb4 49. Rxa7 Rc4 50. h4 h5 51. Ra5 g6 52.
Re5 Kg7 53. Kf3 Ra4 54. Re4 Ra2 55. Ke3 Kf6 56. Rb4 Kf7 57. Rb6 Kg7 58. Rd6 Kf7
59. f3 Ra4 60. Rd4 Ra6 61. Rd5 Kf6 62. Rd4 Kf7 63. Kf4 Kf6 64. g4 hxg4 65. fxg4
g5+ 66. hxg5+ Kg6 67. Rb4 Rc6 68. Ra4 1/2-1/2

[Event "ESP-ch rapid"]
[Site "Linares"]
[Date "2013.08.26"]
[Round "4"]
[White "Ljubojevic, Ljubomir"]
[Black "Cuenca Jimenez, Jose Fernando"]
[Result "1-0"]
[WhiteElo "2571"]
[BlackElo "2477"]
[PlyCount "83"]
[EventDate "2013.08.26"]
[EventType "swiss (rapid)"]
[EventRounds "9"]
[EventCountry "ESP"]
[SourceTitle "CBM 156 Extra"]
[Source "ChessBase"]
[SourceDate "2013.10.22"]
[SourceVersion "1"]
[SourceVersionDate "2013.10.22"]
[SourceQuality "1"]

1. Nf3 Nf6 2. c4 g6 3. Nc3 Bg7 4. e4 d6 5. d4 O-O 6. Be2 Na6 7. O-O e5 8. Be3
Ng4 9. Bg5 Qe8 10. h3 f6 11. Bc1 Nh6 12. Re1 c6 13. Bf1 Nf7 14. Rb1 c5 15. dxc5
dxc5 16. a3 f5 17. b4 b6 18. Nd5 cxb4 19. axb4 fxe4 20. Ng5 Nxg5 21. Bxg5 Qf7
22. Qd2 Be6 23. Rb2 Nb8 24. Ne7+ Kh8 25. Rxe4 Nd7 26. Nd5 Bf5 27. Re3 e4 28. g4
Be6 29. Rxe4 Ne5 30. Rb3 Bxd5 31. cxd5 Nf3+ 32. Rxf3 Qxf3 33. Bg2 Qb3 34. d6 a5
35. bxa5 bxa5 36. d7 a4 37. Re7 a3 38. Bxa8 a2 39. Re1 Qb1 40. d8=Q Qxe1+ 41.
Qxe1 Rxd8 42. Bxd8 1-0

[Event "ESP-ch rapid"]
[Site "Linares"]
[Date "2013.08.27"]
[Round "6"]
[White "Korneev, Oleg"]
[Black "Cuenca Jimenez, Jose Fernando"]
[Result "1/2-1/2"]
[WhiteElo "2625"]
[BlackElo "2477"]
[PlyCount "82"]
[EventDate "2013.08.26"]
[EventType "swiss (rapid)"]
[EventRounds "9"]
[EventCountry "ESP"]
[SourceTitle "CBM 156 Extra"]
[Source "ChessBase"]
[SourceDate "2013.10.22"]
[SourceVersion "1"]
[SourceVersionDate "2013.10.22"]
[SourceQuality "1"]

1. e4 e5 2. Nf3 Nc6 3. Bb5 f5 4. Nc3 fxe4 5. Nxe4 Nf6 6. Qe2 Qe7 7. O-O d5 8.
Nxf6+ gxf6 9. d4 e4 10. Nh4 Bd7 11. Qh5+ Qf7 12. Qxf7+ Kxf7 13. f3 Nxd4 14.
Bxd7 Nxc2 15. fxe4 Nxa1 16. exd5 Bc5+ 17. Kh1 Nc2 18. Be6+ Ke8 19. Bh6 Bf8 20.
Bxf8 Rxf8 21. Rc1 Nd4 22. Rxc7 Nxe6 23. dxe6 f5 24. Rxh7 Rd8 25. g4 fxg4 26.
Ng6 Rd1+ 27. Kg2 Rg8 28. Nf4 Rd4 29. Kg3 Rf8 30. Ng6 Rg8 31. Ne5 Re4 32. Rxb7
Rg5 33. Nf7 Rd5 34. Rxa7 Rxe6 35. Kxg4 Re7 36. Rxe7+ Kxe7 37. Ng5 Rd2 38. h4
Rxb2 39. Kf5 Rxa2 40. h5 Rh2 41. Kg6 Rxh5 1/2-1/2